000 00321nas a2200145 a 4500
001 71995
003 146137
005 20201118111000.0
008 ||||||n9999 ||| || ||
245 0 _aSintesis Economica - No.302
260 _c1982.
562 _e0
773 _016191
_aSintesis Economica
942 _cSISS
999 _c71995
_d71995